000 00607nam a2200181Ia 4500
008 100921s9999 xx 000 0 und d
082 _b24563
_a891.463 थ 91
100 _aतुपे उत्तम बंडु.
245 _aकोंबारा.
260 _bशशीदीप प्रकाशन, पुणे.
_c1991
300 _a187
_bमॅजेस्टीक प्रकाशन,पुणे.
365 _b60
520 _aललित-कथा.
630 _aकोंबारा.
650 _aललित-कथा.
730 _aकोंबारा.
942 _cBOOK
999 _c773676
_d773673